கட் டுரைக் கலஞசியம்

Saved in:
Bibliographic Details
Main Author: நபீல்
Format: Book
Tags: Add Tag
No Tags, Be the first to tag this record!

MARC

LEADER 00000nam a22000007a 4500
005 20250602122328.0
041 |a TAM 
082 |a 494.811 
100 |a நபீல்  
245 |a கட் டுரைக் கலஞசியம்  
300 |a 32; 
942 |2 ddc  |c LBK 
999 |c 58460  |d 58460